[Event "Ajuela op 4th"]
[Site "Alajuela"]
[Date "2008.07.10"]
[Round "2"]
[White "Mitkov, Nikola"]
[Black "Munoz, Carolina"]
[Result "1-0"]
[WhiteElo "2556"]
[BlackElo "2032"]
[PlyCount "119"]
[EventDate "2008.07.09"]
[EventType "swiss"]
[EventRounds "9"]
[EventCountry "CRI"]
[SourceTitle "EXT 2009"]
[Source "ChessBase"]
[SourceDate "2008.11.26"]
[SourceVersion "1"]
[SourceVersionDate "2008.11.26"]
[SourceQuality "1"]

1. e4 c5 2. Nc3 Nc6 3. Bb5 g6 4. Bxc6 dxc6 5. d3 Bg7 6. Be3 b6 7. Qd2 e5 8. f4 Nf6 9. fxe5 Ng4 10. Bg5 Qc7 11. Nf3 Nxe5 12. 0-0 f6 13. Nxe5 Qxe5 14. Bf4 Qd4+ 15. Be3 Qd6 16. a4 0-0 17. a5 Ba6 18. Kh1 Rf7 19. Bf4 Qd8 20. Qf2 Bb5 21. Qg3 c4 22. d4 bxa5 23. Bd6 Bf8 24. Bxf8 Qxf8 25. Rxa5 Qd8 26. Raa1 Qxd4 27. Rf5 Rd8 28. Raf1 Kh8 29. R5f3 Rfd7 30. Qh4 Rf8 31. h3 Qe5 32. Rxf6 Rxf6 33. Rxf6 Kg7 34. Rf2 Re7 35. Rf1 a6 36. Qf2 Re8 37. Qf7+ Kh8 38. Qa7 Qe7 39. Qe3 Kg7 40. Rd1 Rd8 41. Rxd8 Qxd8 42. e5 Qe7 43. Kg1 a5 44. Qd4 c5 45. Qd5 Ba6 46. Ne4 Bb7 47. Qxc5 Qxc5+ 48. Nxc5 Bd5 49. Kf2 Kf7 50. g3 Ke7 51. Ke3 g5 52. Kd4 Bf7 53. c3 h5 54. h4 gxh4 55. gxh4 Bg8 56. Ke4 Bh7+ 57. Kd4 Bd3 58. Nb7 a4 59. Nd6 Be2 60. Nf5+ 1-0

[Event "Pan American-ch (Women)"]
[Site "San Salvador"]
[Date "2008.05.12"]
[Round "9"]
[White "Munoz, Carolina"]
[Black "Romero Echeverria, Abigail"]
[Result "1/2-1/2"]
[WhiteElo "2034"]
[BlackElo "2000"]
[PlyCount "47"]
[EventDate "2008.05.06"]
[EventType "swiss"]
[EventRounds "9"]
[EventCountry "ESA"]
[SourceTitle "CBM 124 Extra"]
[Source "ChessBase"]
[SourceDate "2008.07.03"]
[SourceVersion "1"]
[SourceVersionDate "2008.07.03"]
[SourceQuality "1"]

1. e4 c5 2. Nf3 e6 3. d3 Nc6 4. g3 g6 5. Bg2 Bg7 6. 0-0 Nge7 7. c3 e5 8. Be3 d6 9. Na3 0-0 10. Nc2 b6 11. d4 cxd4 12. cxd4 Bb7 13. d5 Nb8 14. b4 Nd7 15. Qd2 Nf6 16. Nh4 Ng4 17. Rac1 Nxe3 18. Nxe3 Qd7 19. g4 Rac8 20. g5 h6 21. Nf3 Ba6 22. Rfd1 Rxc1 23. Rxc1 Rc8 24. Rxc8+ 1/2-1/2

[Event "CRI-ch qual"]
[Site "San Jose"]
[Date "2005.06.22"]
[Round "8"]
[White "Munoz, Carolina"]
[Black "Vives Rodriguez, David Alberto"]
[Result "0-1"]
[WhiteElo "2006"]
[BlackElo "2030"]
[PlyCount "91"]
[EventDate "2005.06.??"]
[EventType "swiss"]
[EventRounds "9"]
[EventCountry "CRI"]
[SourceTitle "EXT 2006"]
[Source "ChessBase"]
[SourceDate "2005.11.24"]
[SourceVersion "1"]
[SourceVersionDate "2005.11.24"]
[SourceQuality "1"]

1. e4 c5 2. Nc3 Nc6 3. g3 g6 4. Bg2 Bg7 5. d3 d6 6. f4 e6 7. Nf3 Nge7 8. 0-0 0-0 9. Be3 Rb8 10. Bf2 e5 11. h3 f5 12. Kh2 exf4 13. gxf4 fxe4 14. dxe4 Rxf4 15. Bg3 Rf6 16. Nd5 Nxd5 17. Qxd5+ Be6 18. Qd2 Qb6 19. c3 Ne5 20. b3 Rbf8 21. Qe2 Nxf3+ 22. Bxf3 R6f7 23. Rad1 Be5 24. Bg2 Bd7 25. Qc4 Kg7 26. Qd5 Qc7 27. Bxe5+ dxe5 28. c4 b6 29. Kg1 Bc6 30. Qd3 Rxf1+ 31. Bxf1 Rf7 32. Bg2 Rd7 33. Qe2 Rxd1+ 34. Qxd1 Qd7 35. Qe2 Qd4+ 36. Kh2 a6 37. Qg4 Bd7 38. Qg5 Qd6 39. Bf1 Qf6 40. Qg2 Qf4+ 41. Kh1 Bc6 42. Bd3 Qe3 43. Bc2 Bd7 44. Kh2 Qc3 45. Bd1 Bxh3 46. Qg5 0-1

[Event "CRI-ch qual"]
[Site "San Jose"]
[Date "2005.06.15"]
[Round "4"]
[White "Munoz, Carolina"]
[Black "Gutierrez Herrera, Fernando"]
[Result "1-0"]
[WhiteElo "2006"]
[BlackElo "2008"]
[PlyCount "57"]
[EventDate "2005.06.??"]
[EventType "swiss"]
[EventRounds "9"]
[EventCountry "CRI"]
[SourceTitle "EXT 2006"]
[Source "ChessBase"]
[SourceDate "2005.11.24"]
[SourceVersion "1"]
[SourceVersionDate "2005.11.24"]
[SourceQuality "1"]

1. e4 c5 2. Nc3 Nc6 3. g3 g6 4. Bg2 Bg7 5. d3 Rb8 6. f4 b5 7. a3 a5 8. Nf3 b4 9. axb4 axb4 10. Ne2 e6 11. 0-0 Nge7 12. Rb1 Nd4 13. Be3 Nec6 14. e5 Nxf3+ 15. Bxf3 Qe7 16. Qe1 d5 17. Qf2 Bf8 18. c4 bxc3 19. bxc3 Bb7 20. Rb6 Qc7 21. Rfb1 Be7 22. Kh1 d4 23. cxd4 Nb4 24. dxc5 Nxd3 25. Qg2 Bxf3 26. Qxf3 0-0 27. Rb7 Rxb7 28. Rxb7 Qa5 29. Rxe7 1-0

[Event "Olympiad Women-36"]
[Site "Mallorca"]
[Date "2004.10.28"]
[Round "13.1"]
[White "Munoz, Carolina"]
[Black "Hansen, Evgenia"]
[Result "1/2-1/2"]
[WhiteElo "2091"]
[BlackElo "2165"]
[PlyCount "118"]
[EventDate "2004.10.15"]
[EventType "team-swiss"]
[EventRounds "14"]
[EventCountry "ESP"]
[SourceTitle "CBM 102 Extra"]
[Source "ChessBase"]
[SourceDate "2004.11.03"]
[SourceVersion "1"]
[SourceVersionDate "2004.11.03"]
[SourceQuality "1"]
[WhiteTeam "Costa Rica (W)"]
[BlackTeam "Denmark (W)"]
[WhiteTeamCountry "CRI"]
[BlackTeamCountry "DEN"]

1. e4 d6 2. d4 Nf6 3. Nc3 e5 4. dxe5 dxe5 5. Qxd8+ Kxd8 6. Bg5 Be6 7. 0-0-0+ Nbd7 8. f4 exf4 9. Nf3 h6 10. Bxf4 c6 11. Nd4 Bb4 12. e5 Bxc3 13. exf6 Bxd4 14. Rxd4 gxf6 15. Be2 Kc8 16. Rhd1 h5 17. Bg3 Ne5 18. Bxh5 b5 19. Be2 Bd5 20. Bxb5 Bxg2 21. Ba6+ Kc7 22. Bc4 Kb6 23. Be2 Bd5 24. Rf4 Rh6 25. Bf2+ Kc7 26. Bh4 Re8 27. Bg3 a5 28. Rdf1 Kb6 29. Rxf6 Rxf6 30. Rxf6 Nd7 31. Rf2 Nc5 32. Bf3 Bxa2 33. Bd6 Ne6 34. b3 a4 35. Kb2 axb3 36. cxb3 Ra8 37. Bh5 Ra6 38. Rf1 Nd4 39. Ra1 Ra5 40. Bxf7 Rf5 41. Bc4 Rf2+ 42. Kc3 Nb5+ 43. Bxb5 Kxb5 44. b4 Rg2 45. h4 Bd5 46. Bc5 Rg3+ 47. Kd2 Rh3 48. Be7 Kc4 49. Re1 Kd4 50. Ke2 Re3+ 51. Kf2 Rxe1 52. Kxe1 Ke3 53. Kf1 Bf3 54. Kg1 Kf4 55. Kf2 Bh5 56. Bg5+ Ke4 57. Kg3 Bd1 58. Kf2 Bh5 59. Ke1 Kd3 1/2-1/2

[Event "Olympiad Women-36"]
[Site "Mallorca"]
[Date "2004.10.27"]
[Round "12.1"]
[White "Nakagawa, Emiko"]
[Black "Munoz, Carolina"]
[Result "1/2-1/2"]
[WhiteElo "1949"]
[BlackElo "2091"]
[PlyCount "68"]
[EventDate "2004.10.15"]
[EventType "team-swiss"]
[EventRounds "14"]
[EventCountry "ESP"]
[SourceTitle "CBM 102 Extra"]
[Source "ChessBase"]
[SourceDate "2004.11.03"]
[SourceVersion "1"]
[SourceVersionDate "2004.11.03"]
[SourceQuality "1"]
[WhiteTeam "Japan (W)"]
[BlackTeam "Costa Rica (W)"]
[WhiteTeamCountry "JPN"]
[BlackTeamCountry "CRI"]

1. d4 Nf6 2. c4 c5 3. d5 e6 4. Nc3 exd5 5. cxd5 d6 6. e4 g6 7. Nf3 Bg7 8. Be2 0-0 9. 0-0 Re8 10. Nd2 a6 11. a4 Nbd7 12. f3 Rb8 13. Nc4 Ne5 14. Be3 Nxc4 15. Bxc4 Nd7 16. Qd2 Ne5 17. Be2 Qc7 18. Rfb1 Bd7 19. a5 b5 20. axb6 Rxb6 21. Kh1 Bb5 22. Nxb5 axb5 23. Ra2 Rb7 24. Rba1 b4 25. Ra6 c4 26. Bd4 Reb8 27. h3 c3 28. bxc3 bxc3 29. Qxc3 Qxc3 30. Bxc3 Rb1+ 31. Rxb1 Rxb1+ 32. Kh2 Nxf3+ 33. Bxf3 Bxc3 34. Ra2 Be5+ 1/2-1/2